[Event "Blitz 2018"]
[Site "Saint-Petersburg"]
[Date "2018.12.30"]
[Round "15"]
[Board "22"]
[White "Vallejo Pons Francisco (ESP)"]
[Black "Potkin Vladimir (RUS)"]
[Result "1/2-1/2"]
[LiveChessVersion "1.4.8"]
[BlackElo "2494"]
[WhiteElo "2673"]

1. d4 {[%clk 0:03:02]} Nf6 {[%clk 0:03:03]} 2. c4 {[%clk 0:03:03]} g6
{[%clk 0:03:03]} 3. Bg5 {[%clk 0:03:03]} Ne4 {[%clk 0:02:50]} 4. Bf4
{[%clk 0:03:04]} c5 {[%clk 0:02:48]} 5. Nd2 {[%clk 0:02:28]} Nxd2
{[%clk 0:02:34]} 6. Qxd2 {[%clk 0:02:29]} Bg7 {[%clk 0:02:34]} 7. d5
{[%clk 0:02:25]} Qb6 {[%clk 0:02:28]} 8. Rb1 {[%clk 0:02:20]} d6 {[%clk 0:02:26]}
9. e4 {[%clk 0:02:20]} Nd7 {[%clk 0:02:04]} 10. Nf3 {[%clk 0:02:14]} Nf6
{[%clk 0:02:04]} 11. Bd3 {[%clk 0:02:09]} Bg4 {[%clk 0:02:05]} 12. Ng1
{[%clk 0:01:49]} O-O {[%clk 0:01:57]} 13. f3 {[%clk 0:01:42]} Bd7
{[%clk 0:01:57]} 14. Ne2 {[%clk 0:01:43]} a6 {[%clk 0:01:39]} 15. O-O
{[%clk 0:01:38]} Qa7 {[%clk 0:01:37]} 16. b4 {[%clk 0:01:31]} b6 {[%clk 0:00:56]}
17. Be3 {[%clk 0:01:28]} Qc7 {[%clk 0:00:57]} 18. bxc5 {[%clk 0:01:21]} bxc5
{[%clk 0:00:59]} 19. Rb3 {[%clk 0:01:13]} e6 {[%clk 0:00:49]} 20. Rfb1
{[%clk 0:01:06]} Rfb8 {[%clk 0:00:41]} 21. dxe6 {[%clk 0:00:50]} Bxe6
{[%clk 0:00:42]} 22. Nf4 {[%clk 0:00:47]} Nd7 {[%clk 0:00:42]} 23. Be2
{[%clk 0:00:41]} Ne5 {[%clk 0:00:34]} 24. Nxe6 {[%clk 0:00:40]} fxe6
{[%clk 0:00:35]} 25. f4 {[%clk 0:00:40]} Nc6 {[%clk 0:00:35]} 26. Bg4
{[%clk 0:00:40]} Nd4 {[%clk 0:00:35]} 27. Bxd4 {[%clk 0:00:34]} Bxd4+
{[%clk 0:00:36]} 28. Kh1 {[%clk 0:00:35]} Kf7 {[%clk 0:00:22]} 29. f5
{[%clk 0:00:36]} exf5 {[%clk 0:00:23]} 30. exf5 {[%clk 0:00:36]} Rxb3
{[%clk 0:00:24]} 31. axb3 {[%clk 0:00:28]} Kg7 {[%clk 0:00:17]} 32. Re1
{[%clk 0:00:25]} Rf8 {[%clk 0:00:18]} 33. Qg5 {[%clk 0:00:19]} Bf6
{[%clk 0:00:17]} 34. Qe3 {[%clk 0:00:18]} Be5 {[%clk 0:00:17]} 35. fxg6
{[%clk 0:00:18]} hxg6 {[%clk 0:00:18]} 36. Bf3 {[%clk 0:00:18]} Rh8
{[%clk 0:00:17]} 37. h3 {[%clk 0:00:19]} 1/2-1/2

[Event "Blitz 2018"]
[Site "Saint-Petersburg"]
[Date "2018.12.30"]
[Round "15"]
[Board "23"]
[White "Popov Valerij (RUS)"]
[Black "Amin Bassem (EGY)"]
[Result "0-1"]
[LiveChessVersion "1.4.8"]
[BlackElo "2659"]
[WhiteElo "2574"]

1. c4 {[%clk 0:03:03]} f5 {[%clk 0:03:02]} 2. g3 {[%clk 0:02:59]} Nf6
{[%clk 0:03:03]} 3. Bg2 {[%clk 0:03:00]} d6 {[%clk 0:02:53]} 4. d4
{[%clk 0:02:53]} e6 {[%clk 0:02:54]} 5. Nc3 {[%clk 0:02:49]} Be7 {[%clk 0:02:55]}
6. e4 {[%clk 0:02:16]} fxe4 {[%clk 0:02:54]} 7. Nxe4 {[%clk 0:02:16]} O-O
{[%clk 0:02:55]} 8. Ne2 {[%clk 0:02:14]} Nxe4 {[%clk 0:02:47]} 9. Bxe4
{[%clk 0:02:14]} d5 {[%clk 0:02:48]} 10. Bd3 {[%clk 0:02:09]} c5 {[%clk 0:02:49]}
11. O-O {[%clk 0:01:58]} Nc6 {[%clk 0:02:50]} 12. Be3 {[%clk 0:01:43]} cxd4
{[%clk 0:02:47]} 13. Nxd4 {[%clk 0:01:44]} e5 {[%clk 0:02:46]} 14. Nxc6
{[%clk 0:01:31]} bxc6 {[%clk 0:02:47]} 15. Qa4 {[%clk 0:01:18]} e4
{[%clk 0:02:14]} 16. Be2 {[%clk 0:01:16]} d4 {[%clk 0:01:27]} 17. Qxc6
{[%clk 0:01:16]} Bh3 {[%clk 0:01:28]} 18. Rfd1 {[%clk 0:01:13]} dxe3
{[%clk 0:01:27]} 19. Rxd8 {[%clk 0:00:35]} exf2+ {[%clk 0:01:27]} 20. Kh1
{[%clk 0:00:37]} Raxd8 {[%clk 0:01:28]} 21. Qxe4 {[%clk 0:00:19]} Bc5
{[%clk 0:01:05]} 22. Bf1 {[%clk 0:00:20]} Rfe8 {[%clk 0:00:58]} 23. Qh4
{[%clk 0:00:15]} Bc8 {[%clk 0:00:20]} 24. g4 {[%clk 0:00:16]} Rd2
{[%clk 0:00:15]} 25. b4 {[%clk 0:00:15]} Bb7+ {[%clk 0:00:15]} 26. Bg2
{[%clk 0:00:17]} Re1+ {[%clk 0:00:11]} 0-1

[Event "Blitz 2018"]
[Site "Saint-Petersburg"]
[Date "2018.12.30"]
[Round "15"]
[Board "25"]
[White "Sychev Klementy (RUS)"]
[Black "Mamedov Rauf (AZE)"]
[Result "1-0"]
[LiveChessVersion "1.4.8"]
[BlackElo "2741"]
[WhiteElo "2594"]

1. e4 {[%clk 0:03:03]} c5 {[%clk 0:03:04]} 2. Nf3 Nc6 3. d4 {[%clk 0:03:06]} cxd4
{[%clk 0:03:06]} 4. Nxd4 {[%clk 0:03:07]} Nf6 {[%clk 0:03:08]} 5. Nc3
{[%clk 0:03:07]} e5 {[%clk 0:03:09]} 6. Ndb5 {[%clk 0:03:08]} d6 {[%clk 0:03:10]}
7. Bg5 {[%clk 0:03:08]} a6 {[%clk 0:03:12]} 8. Na3 {[%clk 0:03:08]} Be6
{[%clk 0:03:13]} 9. Nc4 {[%clk 0:03:05]} Rb8 {[%clk 0:03:15]} 10. g3
{[%clk 0:02:40]} Nd4 {[%clk 0:02:37]} 11. Ne3 {[%clk 0:02:35]} Be7
{[%clk 0:02:35]} 12. Bxf6 {[%clk 0:02:26]} Bxf6 {[%clk 0:02:36]} 13. Bg2
{[%clk 0:02:27]} Bg5 {[%clk 0:02:37]} 14. Ncd5 {[%clk 0:02:22]} O-O
{[%clk 0:01:50]} 15. c3 {[%clk 0:02:23]} Nc6 {[%clk 0:01:51]} 16. O-O
{[%clk 0:02:21]} Bxe3 {[%clk 0:01:39]} 17. Nxe3 {[%clk 0:02:21]} Ne7
{[%clk 0:01:40]} 18. Qd2 {[%clk 0:02:16]} Qb6 {[%clk 0:01:40]} 19. Kh1
{[%clk 0:02:04]} Rbd8 {[%clk 0:01:40]} 20. b3 {[%clk 0:01:55]} g6
{[%clk 0:01:32]} 21. f4 {[%clk 0:01:40]} f5 {[%clk 0:01:32]} 22. exf5
{[%clk 0:01:38]} gxf5 {[%clk 0:01:33]} 23. Rad1 {[%clk 0:01:34]} e4
{[%clk 0:01:26]} 24. g4 {[%clk 0:01:04]} d5 {[%clk 0:01:23]} 25. Bh3
{[%clk 0:01:02]} fxg4 {[%clk 0:01:10]} 26. Bxg4 {[%clk 0:00:53]} Bxg4
{[%clk 0:01:11]} 27. Nxg4 {[%clk 0:00:53]} Nf5 {[%clk 0:01:11]} 28. Ne5
{[%clk 0:00:38]} Kh8 {[%clk 0:01:11]} 29. Rg1 {[%clk 0:00:39]} Qh6
{[%clk 0:00:46]} 30. Rg4 {[%clk 0:00:33]} d4 {[%clk 0:00:33]} 31. Rdg1
{[%clk 0:00:31]} Qe6 {[%clk 0:00:28]} 32. cxd4 {[%clk 0:00:29]} e3
{[%clk 0:00:29]} 33. Qg2 {[%clk 0:00:24]} Nh6 {[%clk 0:00:23]} 34. Ng6+
{[%clk 0:00:21]} Kg7 {[%clk 0:00:12]} 35. Nxf8+ {[%clk 0:00:20]} Qxg4
{[%clk 0:00:14]} 36. Qxg4+ {[%clk 0:00:16]} Nxg4 {[%clk 0:00:15]} 37. Ne6+
{[%clk 0:00:17]} Kf6 {[%clk 0:00:16]} 38. Nxd8 {[%clk 0:00:18]} e2
{[%clk 0:00:18]} 39. Re1 {[%clk 0:00:18]} Nf2+ {[%clk 0:00:19]} 40. Kg1
{[%clk 0:00:19]} Nh3+ {[%clk 0:00:20]} 41. Kg2 {[%clk 0:00:19]} Nxf4+
{[%clk 0:00:22]} 42. Kf3 {[%clk 0:00:21]} Nd3 {[%clk 0:00:22]} 43. Rxe2
{[%clk 0:00:21]} Nb4 {[%clk 0:00:23]} 44. Nxb7 {[%clk 0:00:22]} Nc6
{[%clk 0:00:25]} 45. Ke3 {[%clk 0:00:22]} 1-0

[Event "Blitz 2018"]
[Site "Saint-Petersburg"]
[Date "2018.12.30"]
[Round "15"]
[Board "26"]
[White "Zhigalko Sergei (BLR)"]
[Black "Moiseenko Vadim (RUS)"]
[Result "1-0"]
[LiveChessVersion "1.4.8"]
[BlackElo "2560"]
[WhiteElo "2693"]

1. e4 {[%clk 0:03:03]} e5 {[%clk 0:03:03]} 2. Nf3 {[%clk 0:03:04]} Nc6
{[%clk 0:03:04]} 3. Bb5 {[%clk 0:03:05]} a6 {[%clk 0:03:04]} 4. Ba4
{[%clk 0:03:06]} b5 {[%clk 0:03:06]} 5. Bb3 {[%clk 0:03:08]} Na5 {[%clk 0:03:07]}
6. O-O {[%clk 0:03:05]} d6 {[%clk 0:03:08]} 7. a4 {[%clk 0:02:51]} Nxb3
{[%clk 0:03:04]} 8. cxb3 {[%clk 0:02:52]} Bb7 {[%clk 0:02:59]} 9. d4
{[%clk 0:02:41]} Nf6 {[%clk 0:02:30]} 10. Bg5 {[%clk 0:02:23]} Be7
{[%clk 0:02:27]} 11. Bxf6 {[%clk 0:02:18]} Bxf6 {[%clk 0:02:27]} 12. d5
{[%clk 0:02:19]} c6 {[%clk 0:02:21]} 13. Nc3 {[%clk 0:02:18]} O-O
{[%clk 0:02:09]} 14. Qd3 {[%clk 0:02:19]} Be7 {[%clk 0:02:02]} 15. Rfd1
{[%clk 0:02:17]} Qb6 {[%clk 0:01:59]} 16. h3 {[%clk 0:01:54]} Kh8
{[%clk 0:02:00]} 17. dxc6 {[%clk 0:00:58]} Bxc6 {[%clk 0:01:59]} 18. Nd5
{[%clk 0:00:59]} Bxd5 {[%clk 0:01:57]} 19. Qxd5 {[%clk 0:00:59]} bxa4
{[%clk 0:01:35]} 20. Rxa4 {[%clk 0:00:57]} Rac8 {[%clk 0:01:30]} 21. Qd3
{[%clk 0:00:46]} a5 {[%clk 0:01:28]} 22. Rda1 {[%clk 0:00:45]} Rc5
{[%clk 0:01:28]} 23. Nd2 {[%clk 0:00:46]} f5 {[%clk 0:01:20]} 24. Nc4
{[%clk 0:00:25]} fxe4 {[%clk 0:01:15]} 25. Nxb6 {[%clk 0:00:26]} exd3
{[%clk 0:01:16]} 26. Nd7 {[%clk 0:00:27]} Rc2 {[%clk 0:00:47]} 27. Nxf8
{[%clk 0:00:28]} d2 {[%clk 0:00:47]} 28. Rd1 {[%clk 0:00:18]} Bxf8
{[%clk 0:00:47]} 29. Rxa5 {[%clk 0:00:09]} g6 {[%clk 0:00:46]} 30. Rd5
{[%clk 0:00:06]} Bh6 {[%clk 0:00:46]} 31. Kf1 {[%clk 0:00:08]} Rxb2
{[%clk 0:00:45]} 32. Rxd6 {[%clk 0:00:07]} Rxb3 {[%clk 0:00:45]} 33. Rd7
{[%clk 0:00:07]} Rc3 {[%clk 0:00:25]} 34. Ke2 {[%clk 0:00:08]} Rc4
{[%clk 0:00:26]} 35. Ra1 {[%clk 0:00:04]} Rc8 {[%clk 0:00:14]} 36. Raa7
{[%clk 0:00:05]} Kg8 {[%clk 0:00:15]} 37. g3 {[%clk 0:00:05]} e4 {[%clk 0:00:08]}
38. h4 {[%clk 0:00:06]} Rb8 {[%clk 0:00:07]} 39. Rac7 {[%clk 0:00:06]} Ra8
{[%clk 0:00:05]} 40. Rb7 {[%clk 0:00:07]} Rc8 {[%clk 0:00:06]} 41. Rb4
{[%clk 0:00:07]} Re8 {[%clk 0:00:04]} 42. Rbd4 {[%clk 0:00:07]} e3
{[%clk 0:00:04]} 43. Rd8 {[%clk 0:00:08]} Rxd8 {[%clk 0:00:03]} 44. Rxd8+
{[%clk 0:00:09]} 1-0

[Event "Blitz 2018"]
[Site "Saint-Petersburg"]
[Date "2018.12.30"]
[Round "15"]
[Board "28"]
[White "Saric Ivan (CRO)"]
[Black "Salem A.R. Saleh (UAE)"]
[Result "0-1"]
[LiveChessVersion "1.4.8"]
[BlackElo "2645"]
[WhiteElo "2572"]

1. e4 {[%clk 0:03:03]} c5 {[%clk 0:03:03]} 2. Nf3 {[%clk 0:03:04]} d6
{[%clk 0:03:04]} 3. Bb5+ {[%clk 0:03:04]} Nd7 {[%clk 0:03:05]} 4. d4
{[%clk 0:03:05]} cxd4 {[%clk 0:03:06]} 5. Qxd4 {[%clk 0:03:06]} a6
{[%clk 0:03:07]} 6. Be2 {[%clk 0:03:07]} e5 {[%clk 0:03:06]} 7. Qe3
{[%clk 0:03:07]} Ngf6 {[%clk 0:03:03]} 8. c4 {[%clk 0:03:06]} Be7
{[%clk 0:03:03]} 9. Nc3 {[%clk 0:03:06]} O-O {[%clk 0:03:02]} 10. O-O
{[%clk 0:03:06]} b6 {[%clk 0:03:01]} 11. Rd1 {[%clk 0:03:00]} Bb7
{[%clk 0:03:02]} 12. h3 {[%clk 0:03:00]} Rc8 {[%clk 0:03:00]} 13. b3
{[%clk 0:02:58]} Nc5 {[%clk 0:02:57]} 14. Nxe5 {[%clk 0:02:37]} Nfxe4
{[%clk 0:02:57]} 15. Nxe4 {[%clk 0:02:38]} Nxe4 {[%clk 0:02:40]} 16. Bf3
{[%clk 0:02:29]} f5 {[%clk 0:02:38]} 17. Bb2 {[%clk 0:02:16]} Bg5
{[%clk 0:02:08]} 18. Qe1 {[%clk 0:02:16]} Re8 {[%clk 0:02:08]} 19. Nd3
{[%clk 0:01:50]} b5 {[%clk 0:01:41]} 20. cxb5 {[%clk 0:01:33]} Rc2
{[%clk 0:01:41]} 21. bxa6 {[%clk 0:01:17]} Bxa6 {[%clk 0:01:41]} 22. Nb4
{[%clk 0:00:25]} Rxb2 {[%clk 0:01:41]} 23. Nxa6 {[%clk 0:00:25]} Nd2
{[%clk 0:01:41]} 24. Be2 {[%clk 0:00:16]} Qb6 {[%clk 0:01:24]} 25. Kh1
{[%clk 0:00:14]} Kf8 {[%clk 0:01:18]} 26. a4 {[%clk 0:00:11]} Ne4
{[%clk 0:01:01]} 27. f4 {[%clk 0:00:04]} Nf2+ {[%clk 0:00:54]} 0-1

[Event "Blitz 2018"]
[Site "Saint-Petersburg"]
[Date "2018.12.30"]
[Round "15"]
[Board "29"]
[White "Oparin Grigoriy (RUS)"]
[Black "Kovalev Vladislav (BLR)"]
[Result "1/2-1/2"]
[LiveChessVersion "1.4.8"]
[BlackElo "2553"]
[WhiteElo "2641"]

1. Nf3 {[%clk 0:03:03]} Nf6 {[%clk 0:03:04]} 2. g3 {[%clk 0:03:04]} g6
{[%clk 0:03:04]} 3. Bg2 {[%clk 0:03:05]} Bg7 {[%clk 0:03:05]} 4. c4
{[%clk 0:03:06]} O-O {[%clk 0:03:05]} 5. Nc3 {[%clk 0:03:07]} d6 {[%clk 0:03:06]}
6. O-O {[%clk 0:03:07]} e5 {[%clk 0:03:07]} 7. d3 {[%clk 0:03:08]} Nc6
{[%clk 0:03:08]} 8. Rb1 {[%clk 0:03:09]} a5 {[%clk 0:02:54]} 9. a3
{[%clk 0:03:10]} h6 {[%clk 0:02:53]} 10. b4 {[%clk 0:03:11]} axb4
{[%clk 0:02:54]} 11. axb4 {[%clk 0:03:12]} Be6 {[%clk 0:02:53]} 12. b5
{[%clk 0:03:13]} Ne7 {[%clk 0:02:53]} 13. Qb3 {[%clk 0:03:11]} Qd7
{[%clk 0:02:52]} 14. Ba3 {[%clk 0:03:11]} Bh3 {[%clk 0:02:30]} 15. Rfc1
{[%clk 0:03:11]} Bxg2 {[%clk 0:02:30]} 16. Kxg2 {[%clk 0:03:11]} Kh7
{[%clk 0:02:17]} 17. Ra1 {[%clk 0:02:58]} Nh5 {[%clk 0:02:12]} 18. Bb2
{[%clk 0:02:48]} f5 {[%clk 0:02:10]} 19. Rxa8 {[%clk 0:02:48]} Rxa8
{[%clk 0:02:11]} 20. Ra1 {[%clk 0:02:24]} Rxa1 {[%clk 0:02:12]} 21. Bxa1
{[%clk 0:02:25]} e4 {[%clk 0:02:13]} 22. Ne1 {[%clk 0:02:02]} Qe6
{[%clk 0:01:43]} 23. Bb2 {[%clk 0:02:03]} Nf6 {[%clk 0:01:29]} 24. Qc2
{[%clk 0:01:49]} c6 {[%clk 0:01:07]} 25. bxc6 {[%clk 0:01:43]} bxc6
{[%clk 0:01:08]} 26. Qd2 {[%clk 0:01:38]} exd3 {[%clk 0:00:55]} 27. Qxd3
{[%clk 0:01:36]} Ng4 {[%clk 0:00:51]} 28. Nf3 {[%clk 0:01:32]} Ne5
{[%clk 0:00:40]} 29. Nxe5 {[%clk 0:01:31]} Bxe5 {[%clk 0:00:39]} 30. e3
{[%clk 0:01:09]} Bg7 {[%clk 0:00:35]} 31. Ba3 {[%clk 0:01:04]} d5
{[%clk 0:00:22]} 32. cxd5 {[%clk 0:00:35]} Nxd5 {[%clk 0:00:23]} 33. Ne2
{[%clk 0:00:34]} Nf6 {[%clk 0:00:21]} 34. Nf4 {[%clk 0:00:29]} Qe4+
{[%clk 0:00:20]} 35. Qxe4 {[%clk 0:00:29]} Nxe4 {[%clk 0:00:21]} 36. f3
{[%clk 0:00:30]} Nc3 {[%clk 0:00:20]} 37. Ne6 {[%clk 0:00:29]} Bf6
{[%clk 0:00:15]} 38. Bb4 {[%clk 0:00:22]} Nd5 {[%clk 0:00:09]} 39. Bc5
{[%clk 0:00:23]} Kg8 {[%clk 0:00:06]} 40. e4 {[%clk 0:00:21]} fxe4
{[%clk 0:00:07]} 41. fxe4 {[%clk 0:00:22]} Nc3 {[%clk 0:00:08]} 42. Kf3
{[%clk 0:00:21]} Kf7 {[%clk 0:00:09]} 43. Nf4 {[%clk 0:00:22]} Nb5
{[%clk 0:00:05]} 44. Nd3 {[%clk 0:00:22]} Nd4+ {[%clk 0:00:04]} 45. Ke3
{[%clk 0:00:20]} Ne6 {[%clk 0:00:03]} 46. Bd6 {[%clk 0:00:15]} Bg5+
{[%clk 0:00:04]} 1/2-1/2

[Event "Blitz 2018"]
[Site "Saint-Petersburg"]
[Date "2018.12.30"]
[Round "15"]
[Board "30"]
[White "Tang Andrew (USA)"]
[Black "Savchenko Boris (RUS)"]
[Result "1-0"]
[LiveChessVersion "1.4.8"]
[BlackElo "2639"]
[WhiteElo "2501"]

1. d4 {[%clk 0:03:03]} Nf6 {[%clk 0:03:02]} 2. c4 {[%clk 0:03:03]} g6
{[%clk 0:03:03]} 3. f3 {[%clk 0:03:05]} d5 {[%clk 0:03:03]} 4. cxd5
{[%clk 0:03:05]} c6 {[%clk 0:03:05]} 5. e4 {[%clk 0:02:28]} cxd5 {[%clk 0:03:05]}
6. e5 {[%clk 0:02:28]} Nh5 {[%clk 0:03:06]} 7. Nc3 {[%clk 0:02:26]} Nc6
{[%clk 0:03:06]} 8. Be3 {[%clk 0:02:15]} Ng7 {[%clk 0:03:05]} 9. Bb5
{[%clk 0:01:48]} Bd7 {[%clk 0:02:43]} 10. Nge2 {[%clk 0:01:43]} Ne6
{[%clk 0:02:38]} 11. Qd2 {[%clk 0:01:37]} h5 {[%clk 0:02:32]} 12. Rc1
{[%clk 0:01:35]} Bg7 {[%clk 0:02:27]} 13. O-O {[%clk 0:01:23]} Qa5
{[%clk 0:01:48]} 14. a3 {[%clk 0:01:15]} O-O {[%clk 0:01:16]} 15. b4
{[%clk 0:01:09]} Qxa3 {[%clk 0:01:05]} 16. Ra1 {[%clk 0:00:51]} Qxb4
{[%clk 0:00:33]} 17. Rfb1 {[%clk 0:00:52]} a5 {[%clk 0:00:27]} 18. Rxb4
{[%clk 0:00:44]} axb4 {[%clk 0:00:26]} 19. Rxa8 {[%clk 0:00:44]} Rxa8
{[%clk 0:00:26]} 20. Nxd5 {[%clk 0:00:45]} b3 {[%clk 0:00:22]} 21. Qc3
{[%clk 0:00:37]} Ncxd4 {[%clk 0:00:12]} 22. Nxd4 {[%clk 0:00:34]} Nxd4
{[%clk 0:00:11]} 23. Bxd4 {[%clk 0:00:31]} Bxb5 {[%clk 0:00:12]} 24. Qxb3
{[%clk 0:00:32]} Be8 {[%clk 0:00:05]} 25. Qxb7 {[%clk 0:00:32]} Rd8
{[%clk 0:00:05]} 26. Qxe7 {[%clk 0:00:32]} Rc8 {[%clk 0:00:06]} 27. Nf6+
{[%clk 0:00:30]} 1-0

[Event "Blitz 2018"]
[Site "Saint-Petersburg"]
[Date "2018.12.30"]
[Round "15"]
[Board "31"]
[White "Yudin Sergei (RUS)"]
[Black "Tari Aryan (NOR)"]
[Result "1-0"]
[LiveChessVersion "1.4.8"]
[BlackElo "2608"]
[WhiteElo "2533"]

1. e4 {[%clk 0:03:02]} c6 {[%clk 0:03:03]} 2. d4 {[%clk 0:03:01]} d5
{[%clk 0:03:04]} 3. exd5 {[%clk 0:03:02]} cxd5 {[%clk 0:03:05]} 4. Bd3
{[%clk 0:03:03]} Nc6 {[%clk 0:03:06]} 5. c3 {[%clk 0:03:03]} Qc7 {[%clk 0:03:07]}
6. h3 {[%clk 0:02:59]} Nf6 {[%clk 0:03:05]} 7. Nf3 {[%clk 0:02:59]} g6
{[%clk 0:03:06]} 8. Qc2 {[%clk 0:03:00]} Bg7 {[%clk 0:02:59]} 9. O-O
{[%clk 0:02:59]} O-O {[%clk 0:02:58]} 10. Be3 {[%clk 0:02:45]} Nd7
{[%clk 0:02:59]} 11. Nbd2 {[%clk 0:02:39]} e5 {[%clk 0:02:59]} 12. dxe5
{[%clk 0:02:39]} Ndxe5 {[%clk 0:03:00]} 13. Nxe5 {[%clk 0:02:35]} Bxe5
{[%clk 0:03:01]} 14. Nf3 {[%clk 0:02:32]} Bg7 {[%clk 0:03:02]} 15. Rfe1
{[%clk 0:02:30]} Bd7 {[%clk 0:03:01]} 16. Qd2 {[%clk 0:02:25]} Rfe8
{[%clk 0:02:58]} 17. Rad1 {[%clk 0:02:22]} Rad8 {[%clk 0:02:33]} 18. Bh6
{[%clk 0:02:13]} Rxe1+ {[%clk 0:02:20]} 19. Rxe1 {[%clk 0:02:13]} Re8
{[%clk 0:02:21]} 20. Rxe8+ {[%clk 0:01:59]} Bxe8 {[%clk 0:02:22]} 21. Bxg7
{[%clk 0:01:59]} Kxg7 {[%clk 0:02:24]} 22. Bb5 {[%clk 0:02:00]} a6
{[%clk 0:01:22]} 23. Ba4 {[%clk 0:02:01]} Qa5 {[%clk 0:00:58]} 24. Bb3
{[%clk 0:02:01]} Ne7 {[%clk 0:00:59]} 25. Ne5 {[%clk 0:01:56]} Qc5
{[%clk 0:00:58]} 26. Ng4 {[%clk 0:01:54]} Nf5 {[%clk 0:00:56]} 27. Qxd5
{[%clk 0:01:49]} Qxd5 {[%clk 0:00:48]} 28. Bxd5 {[%clk 0:01:50]} b6
{[%clk 0:00:50]} 29. Kf1 {[%clk 0:01:45]} Ne7 {[%clk 0:00:51]} 30. Bb3
{[%clk 0:01:43]} h5 {[%clk 0:00:47]} 31. Ne3 {[%clk 0:01:42]} Bc6
{[%clk 0:00:48]} 32. h4 {[%clk 0:01:41]} Kf6 {[%clk 0:00:46]} 33. Ke2
{[%clk 0:01:40]} b5 {[%clk 0:00:45]} 34. g3 {[%clk 0:01:41]} Nc8 {[%clk 0:00:44]}
35. Kd3 {[%clk 0:01:40]} Nd6 {[%clk 0:00:45]} 36. Kd4 {[%clk 0:01:35]} Ne4
{[%clk 0:00:44]} 37. Bd5 {[%clk 0:01:36]} 1-0

[Event "Blitz 2018"]
[Site "Saint-Petersburg"]
[Date "2018.12.30"]
[Round "15"]
[Board "32"]
[White "Fedoseev Vladimir (RUS)"]
[Black "Nozdrachev Vladislav (RUS)"]
[Result "1-0"]
[LiveChessVersion "1.4.8"]
[BlackElo "2521"]
[WhiteElo "2750"]

1. Nf3 {[%clk 0:03:02]} d5 {[%clk 0:03:01]} 2. g3 {[%clk 0:03:04]} Nf6
{[%clk 0:03:01]} 3. Bg2 {[%clk 0:03:05]} e6 {[%clk 0:03:00]} 4. O-O
{[%clk 0:03:06]} Be7 {[%clk 0:03:00]} 5. b3 {[%clk 0:03:07]} O-O 6. Bb2 a5
{[%clk 0:02:57]} 7. a3 {[%clk 0:03:07]} b6 {[%clk 0:02:56]} 8. d3
{[%clk 0:03:07]} Bb7 {[%clk 0:02:57]} 9. Nbd2 {[%clk 0:03:08]} Nbd7
{[%clk 0:02:56]} 10. c4 {[%clk 0:02:55]} a4 {[%clk 0:02:44]} 11. b4
{[%clk 0:02:54]} dxc4 {[%clk 0:02:42]} 12. dxc4 {[%clk 0:02:42]} Ne4
{[%clk 0:02:39]} 13. Nd4 {[%clk 0:02:30]} Ndf6 {[%clk 0:02:10]} 14. Nxe4
{[%clk 0:02:16]} Nxe4 {[%clk 0:01:35]} 15. Qc2 {[%clk 0:02:15]} Nd6
{[%clk 0:01:07]} 16. c5 {[%clk 0:01:55]} bxc5 {[%clk 0:00:56]} 17. bxc5
{[%clk 0:01:49]} Bxg2 {[%clk 0:00:55]} 18. cxd6 {[%clk 0:01:50]} Bxf1
{[%clk 0:00:54]} 19. dxe7 {[%clk 0:01:50]} Qxe7 {[%clk 0:00:54]} 20. Nc6
{[%clk 0:01:45]} Qd6 {[%clk 0:00:44]} 21. Rd1 {[%clk 0:01:40]} Bh3
{[%clk 0:00:35]} 22. Rxd6 {[%clk 0:01:40]} cxd6 {[%clk 0:00:35]} 23. Qd3
{[%clk 0:01:29]} d5 {[%clk 0:00:26]} 24. g4 {[%clk 0:01:29]} Bxg4
{[%clk 0:00:24]} 25. Qg3 {[%clk 0:01:30]} 1-0

[Event "Blitz 2018"]
[Site "Saint-Petersburg"]
[Date "2018.12.30"]
[Round "15"]
[Board "34"]
[White "Ponkratov Pavel (RUS)"]
[Black "Popov Ivan (RUS)"]
[Result "1/2-1/2"]
[LiveChessVersion "1.4.8"]
[BlackElo "2560"]
[WhiteElo "2688"]

1. c4 {[%clk 0:03:03]} e5 {[%clk 0:03:03]} 2. Nc3 {[%clk 0:03:04]} Bb4
{[%clk 0:03:02]} 3. Nd5 {[%clk 0:03:04]} a5 {[%clk 0:03:01]} 4. a3
{[%clk 0:03:01]} Be7 {[%clk 0:03:01]} 5. d4 {[%clk 0:02:58]} Nc6 {[%clk 0:02:54]}
6. Nxe7 {[%clk 0:02:51]} Ngxe7 {[%clk 0:02:45]} 7. d5 {[%clk 0:02:52]} Nb8
{[%clk 0:02:44]} 8. b3 {[%clk 0:02:51]} d6 {[%clk 0:02:44]} 9. e3
{[%clk 0:02:29]} O-O {[%clk 0:02:43]} 10. Ne2 {[%clk 0:02:30]} Nd7
{[%clk 0:02:41]} 11. Nc3 {[%clk 0:02:31]} f5 {[%clk 0:02:34]} 12. f4
{[%clk 0:02:21]} Ng6 {[%clk 0:02:19]} 13. g3 {[%clk 0:02:22]} Nf6
{[%clk 0:01:55]} 14. Ra2 {[%clk 0:02:18]} Re8 {[%clk 0:01:49]} 15. Re2
{[%clk 0:02:00]} c5 {[%clk 0:01:28]} 16. Kd2 {[%clk 0:01:30]} Bd7
{[%clk 0:01:17]} 17. a4 {[%clk 0:01:31]} h5 {[%clk 0:00:54]} 18. Kc2
{[%clk 0:01:30]} Qe7 {[%clk 0:00:54]} 19. Kb2 {[%clk 0:01:16]} e4
{[%clk 0:00:54]} 20. Kc2 {[%clk 0:01:13]} Kf7 {[%clk 0:00:54]} 21. Rg2
{[%clk 0:01:14]} Rh8 {[%clk 0:00:54]} 22. Be2 {[%clk 0:01:12]} Rag8
{[%clk 0:00:44]} 23. h3 {[%clk 0:01:11]} Ke8 {[%clk 0:00:42]} 24. Qd2
{[%clk 0:01:05]} b6 {[%clk 0:00:42]} 25. Nd1 {[%clk 0:01:05]} Kd8
{[%clk 0:00:41]} 26. Nf2 {[%clk 0:01:06]} Kc7 {[%clk 0:00:38]} 27. Qd1
{[%clk 0:01:07]} Nf8 {[%clk 0:00:34]} 28. g4 {[%clk 0:01:06]} hxg4
{[%clk 0:00:33]} 29. hxg4 {[%clk 0:01:08]} Rxh1 {[%clk 0:00:33]} 30. Qxh1
{[%clk 0:01:09]} g5 {[%clk 0:00:21]} 31. fxg5 {[%clk 0:01:03]} Nxg4
{[%clk 0:00:22]} 32. Nh3 {[%clk 0:00:10]} Rh8 {[%clk 0:00:19]} 33. Rg3
{[%clk 0:00:10]} Ng6 {[%clk 0:00:16]} 34. Qg1 {[%clk 0:00:07]} N4e5
{[%clk 0:00:10]} 35. Bb2 {[%clk 0:00:10]} Rh4 {[%clk 0:00:09]} 36. Qf2
{[%clk 0:00:10]} Qh7 {[%clk 0:00:09]} 37. Nf4 {[%clk 0:00:11]} Rh2 38. Rg2 Rxg2
{[%clk 0:00:10]} 39. Qxg2 {[%clk 0:00:14]} Nxf4 {[%clk 0:00:09]} 40. exf4
{[%clk 0:00:15]} Ng6 {[%clk 0:00:10]} 41. Bc1 {[%clk 0:00:14]} Qh4
{[%clk 0:00:10]} 42. Qf1 {[%clk 0:00:14]} Qg3 {[%clk 0:00:10]} 43. Bh5
{[%clk 0:00:13]} Be8 {[%clk 0:00:09]} 44. Bd1 {[%clk 0:00:13]} e3
{[%clk 0:00:08]} 45. Qf3 {[%clk 0:00:12]} Qxf3 46. Bxf3 {[%clk 0:00:13]} Nxf4
{[%clk 0:00:07]} 47. Bxe3 {[%clk 0:00:14]} Ng6 {[%clk 0:00:08]} 48. Bh5
{[%clk 0:00:11]} Kd7 {[%clk 0:00:09]} 49. Bxg6 {[%clk 0:00:07]} Bxg6
{[%clk 0:00:11]} 1/2-1/2